=LDR 00000nam 2200000 4500 =001 INLIS000000000061097 =005 20240515103132 =035 ##$$a 0010-0822000007 =007 ta =008 240515################f##########0#ind## =020 ##$$a 978-979-9384-14-0 =082 ##$$a 294.592 =084 ##$$a 294.592 BHA b =100 #$$a Bhaktivedanta Swami Prabhupada =245 1#$$a Bhagavad Gita Menurut Asilnya /$c Sri Srimad A.C. Bhaktivedanta Swami Prabhupada =250 ##$$a cet 2 =260 ##$$a tidak Teridentifikasi :$b CV Hanuman Sakti,$c 2017 =300 ##$$a 944 Halaman : $b ilustrasi ; $c 18 cm =650 #4$$a Bhagavad GIta =990 ##$$a 5202202118 =990 ##$$a 5202202260 =990 ##$$a 10621062